000
00231nam a2200085Ia 4500
005
20250523155753.0
008
250523s9999 xx 000 0 und d
245
0
_a
Ece Yüce/Yüce Kim Biliyor musunuz
_c
Gülten Dayıoğlu
260
_b
ALTIN
999
_c
12154
_d
12154